Acción de la mujer en la vida social

-д хадгалсан:
Номзүйн дэлгэрэнгүй
Үндсэн зохиолч: Casanova, Ignacio (Зохиогч)
Формат: Ном
Хэл сонгох:испани
Хэвлэсэн: Barcelona Gustavo Gili 1914
Нөхцлүүд:
Шошгууд: Шошго нэмэх
Шошго байхгүй, Энэхүү баримтыг шошголох эхний хүн болох!

MARC

LEADER 00000nam a2200000 a 4500
001 UCI4603
003 CL-VaPUC
008 080125e19140000SP |||||||||||||||||spa|d
082 0 4 |a 305.4  |b CAS  |2 21 
100 0 |a Casanova, Ignacio  |e author  |9 526576 
245 1 0 |a Acción de la mujer en la vida social 
300 |a 262 p 
942 |c BK 
945 |d 20080125 00:00:00  |a rbrito 
260 |a Barcelona  |b Gustavo Gili  |c 1914 
500 |a Donación Padres Capuchinos 
650 0 |a Mujeres  |9 257649 
650 0 |a Vida social  |9 337244 
650 0 |a Acción social  |9 307836 
650 0 |a Valores morales   |9 310604 
650 0 |a Vida religiosa  |9 257284 
650 0 |a Espiritualidad   |9 267331 
583 |a last modification  |c 20080125 00:00:00  |k Rodrigo Vera 
999 |c 328507  |d 328505 
952 |0 0  |1 0  |4 0  |6 305_400000000000000_CAS_1914  |7 0  |8 X  |9 412436  |a FDOBUD  |b FDOBUD  |d 2019-11-22  |i 4407334  |o 305.4 CAS 1914  |p 4407334  |r 2019-11-22  |w 2019-11-22  |y BK_X  |k BUD